00420pam a2200181 i 4500001000800000005001700008008004100025010001700066020001500083040001800098041000800116080001200124082001200136100000700148101000800155245004700163504002800210316082820180110083405.0750214s1975 deu b 000 0 eng  a 75005506  a0872079317 aDLCcDLCdDLC aeng a415 DAW00a415 DAW1 a46 aEDU10aSyntax and readability /cby John Dawkins. aBibliography: p. 45-47.